000 00426nam a2200133Ia 4500
008 210716s1967 xx 000 0 und d
041 _aeng
082 _a510 DUNE
100 _aDuncan, Ernest R;Capps, Lelon R;Dolciani, Mary P;Quast, W G;Zweng, Marilyn.
245 _aModern school mathematics: structure and use.
_bStructure and use.
250 _a1
260 _aNew York
_bHoughton mifflin Company
_c1967
300 _av,346
999 _c202267
_d202267